<?xml version="1.0" encoding="UTF-8"?>
<record
    xmlns:xsi="http://www.w3.org/2001/XMLSchema-instance"
    xsi:schemaLocation="http://www.loc.gov/MARC21/slim http://www.loc.gov/standards/marcxml/schema/MARC21slim.xsd"
    xmlns="http://www.loc.gov/MARC21/slim">

  <leader>02329nam a22002537a 4500</leader>
  <controlfield tag="005">20240305165639.0</controlfield>
  <controlfield tag="007">cr||||   |||| </controlfield>
  <controlfield tag="008">220822s2020    pe |||||s|||| 00||0 spa d</controlfield>
  <datafield tag="020" ind1=" " ind2=" ">
    <subfield code="a">9786123251536</subfield>
  </datafield>
  <datafield tag="035" ind1=" " ind2=" ">
    <subfield code="a">36911</subfield>
  </datafield>
  <datafield tag="040" ind1=" " ind2=" ">
    <subfield code="a">vLex</subfield>
  </datafield>
  <datafield tag="090" ind1=" " ind2=" ">
    <subfield code="c">13767</subfield>
    <subfield code="d">13767</subfield>
  </datafield>
  <datafield tag="100" ind1="1" ind2=" ">
    <subfield code="a">Ochoa Cardich, C&#xE9;sar</subfield>
  </datafield>
  <datafield tag="245" ind1="1" ind2="2">
    <subfield code="a">El Estado Social en la Constituci&#xF3;n de 1993</subfield>
    <subfield code="h">[Recurso electr&#xF3;nico] :</subfield>
    <subfield code="b">Evoluci&#xF3;n, interpretaci&#xF3;n y proyecci&#xF3;n garantista en el Per&#xFA; /</subfield>
    <subfield code="c">C&#xE9;sar Ochoa Cardich </subfield>
  </datafield>
  <datafield tag="256" ind1=" " ind2=" ">
    <subfield code="a">Servicio en l&#xED;nea</subfield>
  </datafield>
  <datafield tag="260" ind1=" " ind2=" ">
    <subfield code="a">Lima:</subfield>
    <subfield code="b">Palestra Editores,</subfield>
    <subfield code="c">2020</subfield>
  </datafield>
  <datafield tag="300" ind1=" " ind2=" ">
    <subfield code="a">1 recurso electr&#xF3;nico</subfield>
  </datafield>
  <datafield tag="500" ind1=" " ind2=" ">
    <subfield code="a">El mantenimiento de la Cl&#xE1;usula del Estado Social en la Constituci&#xF3;n de 1993 en el art&#xED;culo 43 que declara que &#x93;La Rep&#xFA;blica del Per&#xFA; es democr&#xE1;tica, social, independiente y soberana&#x94; no fue una concesi&#xF3;n progresista de la mayor&#xED;a del denominado Congreso Constituyente Democr&#xE1;tico. Como todo Estado es social, si por social se entiende lo atinente a la sociedad, no le atribuyeron ninguna vocaci&#xF3;n de transformaci&#xF3;n de las relaciones socioecon&#xF3;micas ni de tutela de los derechos econ&#xF3;micos, sociales y culturales. El presente estudio analiza el proceso de jurisprudencia innovativa del Tribunal Constitucional del Per&#xFA; y lo califica como la reconstrucci&#xF3;n del significado de la Cl&#xE1;usula del Estado Social que debe ser orientada a desarrollar un sistema de garant&#xED;as para el logro del constitucionalismo de la igualdad. Con esa finalidad el autor asume los aportes de dos paradigmas actuales: el neoconstitucionalismo y el garantismo. As&#xED;, el juez constitucional debe encontrar su hoja de ruta en los valores superiores de la Norma Suprema, que &#x97;como los conceptos morales del principialismo&#x97; lo gu&#xED;en para la tutela efectiva y en serio de los derechos econ&#xF3;micos, sociales y culturales, que a su vez es una finalidad del garantismo.</subfield>
  </datafield>
  <datafield tag="506" ind1="1" ind2=" ">
    <subfield code="a">Disponible solo en los productos indicados</subfield>
    <subfield code="d">vLex Global</subfield>
    <subfield code="d">vLex Global (Academic Edition, excluding Law Schools)</subfield>
    <subfield code="d">vLex Global (U.S. Academic Edition, Law Schools)</subfield>
    <subfield code="d">vLex Global (U.S. Academic Edition, excluding Law Schools)</subfield>
    <subfield code="d">vLex Global (Academic Edition, Law Schools)</subfield>
  </datafield>
  <datafield tag="650" ind1="0" ind2="4">
    <subfield code="a">Derecho Constitucional</subfield>
    <subfield code="z">Per&#xFA;</subfield>
  </datafield>
  <datafield tag="740" ind1="0" ind2=" ">
    <subfield code="a">vLex Libros (Servicio en l&#xED;nea)</subfield>
  </datafield>
  <datafield tag="856" ind1="4" ind2="0">
    <subfield code="u">https://app.vlex.com/#/sources/36911</subfield>
  </datafield>
  <datafield tag="942" ind1=" " ind2=" ">
    <subfield code="c">RAA</subfield>
  </datafield>
  <datafield tag="952" ind1=" " ind2=" ">
    <subfield code="0">0</subfield>
    <subfield code="1">0</subfield>
    <subfield code="4">0</subfield>
    <subfield code="7">0</subfield>
    <subfield code="8">VLEX</subfield>
    <subfield code="9">329923</subfield>
    <subfield code="a">BD-UIN</subfield>
    <subfield code="b">BD-UIN</subfield>
    <subfield code="d">2024-03-05</subfield>
    <subfield code="l">0</subfield>
    <subfield code="p">36911</subfield>
    <subfield code="r">2024-03-05</subfield>
    <subfield code="w">2024-03-05</subfield>
    <subfield code="y">RAA</subfield>
  </datafield>
  <datafield tag="999" ind1=" " ind2=" ">
    <subfield code="c">172003</subfield>
    <subfield code="d">172003</subfield>
  </datafield>
</record>
